00247nam a2200085Ia 4500008004100000100001500041245004800056260004800104260000900152170620s9999 xx 000 0 und d aRay- S. K. 0aTransport Planning for Developing Countries bNew Delhi- Prentice Hall of India Pvt. Ltd. c1995